Study of women's participation in integrated rural development programme during 1985-86 of the sixth five year plan period in seven selected blocks of Vadodara district, gujarat (Record no. 21764)

MARC details
000 -LEADER
fixed length control field 00568nam a2200145Ia 4500
082 ## - DEWEY DECIMAL CLASSIFICATION NUMBER
Classification number TR.0284
100 ## - MAIN ENTRY--AUTHOR NAME
Personal name Rane, Usha
245 #0 - TITLE STATEMENT
Title Study of women's participation in integrated rural development programme during 1985-86 of the sixth five year plan period in seven selected blocks of Vadodara district, gujarat
260 ## - PUBLICATION, DISTRIBUTION, ETC. (IMPRINT)
Year of publication 1987
Name of publisher M.S. University of Baroda
300 ## - PHYSICAL DESCRIPTION
Number of Pages v.p.
650 ## - SUBJECT ADDED ENTRY--TOPICAL TERM
Topical Term INTEGRATED RURAL DEVELOPMENT PROGRAMME - GUJARAT - VADODARA
650 ## - SUBJECT ADDED ENTRY--TOPICAL TERM
Topical Term WOMEN IN RURAL DEVELOPMENT - GUJARAT - VADODARA
710 ## - ADDED ENTRY--CORPORATE NAME
Corporate name or jurisdiction name as entry element Paralikar, Kalpana
942 ## - ADDED ENTRY ELEMENTS (KOHA)
Koha item type Thesis
Source of classification or shelving scheme Dewey Decimal Classification
Holdings
Withdrawn status Lost status Damaged status Not for loan Home library Current library Date acquired Bill Date Full call number Accession Number Price effective from Koha item type
        NASSDOC Library NASSDOC Library 08/10/2004 2008-12-30 TR.0284 33229 18/04/2019 Thesis